International ISBN publishers' directory: numerical ISBN directory, alphabetical directory classification by countries, alphabetical index (Record no. 528)

MARC details
000 -LEADER
fixed length control field 00559nam a2200157Ia 4500
020 ## - INTERNATIONAL STANDARD BOOK NUMBER
ISBN 3-88053-010-6
082 ## - DEWEY DECIMAL CLASSIFICATION NUMBER
Classification number RR 025.3025 INT;
245 #0 - TITLE STATEMENT
Title International ISBN publishers' directory: numerical ISBN directory, alphabetical directory classification by countries, alphabetical index
260 ## - PUBLICATION, DISTRIBUTION, ETC. (IMPRINT)
Place of publication Berlin
Name of publisher International ISBN Agency
Year of publication 1980
300 ## - PHYSICAL DESCRIPTION
Number of Pages 1433p.
504 ## - BIBLIOGRAPHY, ETC. NOTE
Bibliography, etc ref
650 ## - SUBJECT ADDED ENTRY--TOPICAL TERM
Topical Term International standard book numbers - Directories
650 ## - SUBJECT ADDED ENTRY--TOPICAL TERM
Topical Term Publisher's standard book numbers - Directories
700 ## - ADDED ENTRY--PERSONAL NAME
Personal name International ISBN Agency
942 ## - ADDED ENTRY ELEMENTS (KOHA)
Koha item type Books
Holdings
Withdrawn status Lost status Damaged status Not for loan Home library Current library Date acquired Bill Date Full call number Accession Number Price effective from Koha item type
        NASSDOC Library NASSDOC Library 08/06/2004 2004-10-22 RR 025.3025 INT; 16762 18/04/2019 Books